One Direction Top 20 Streams - Statistics

General Stats
  • This quiz has been taken 768 times
    694 since last reset
  • The average score is 13 of 20
Answer Stats
Answer Streams % Correct
What Makes You Beautiful 1.3 billion
99%
Night Changes 1.6 billion
90%
Story of My Life 1.3 billion
86%
Best Song Ever 603 million
82%
Drag Me Down 1.1 billion
82%
Steal My Girl 856 million
79%
History 583 million
78%
Perfect 890 million
77%
Kiss You 432 million
74%
One Thing 365 million
72%
You and I 615 million
71%
Live While Were Young 399 million
69%
Little Things 620 million
66%
No Control 297 million
61%
18 692 million
57%
Olivia 279 million
44%
Right Now 452 million
40%
They Don't Know About Us 565 million
28%
Strong 315 million
26%
If I Could Fly 281 million
22%
No matching quizzes found
Score Distribution
Percent of People with Each Score
Percentile by Number Answered
Your Score History
You have not taken this quiz since the last reset